000 00376nam a2200157Ia 4500
008 210210b1953 xxu||||| |||| 00| 0 eng d
041 _aeng
082 _a514/22
100 _aEISENHART (L P)
245 _aCo-ordinate geometry
260 _aMadras
_bS Viswanathan Pvt. Ltd.
_c1953
650 _ageometry
650 _aCo-ordinate
690 _aGeometry
906 _a007468
999 _c139963
_d139963